Emission of Di-2-ethylhexyl phthalate from PVC flooring into air and uptake in dust : Emission and sorption experiments in FLEC and CLIMPAQ /
Saved in:
| Other Authors: | , , , , |
|---|---|
| Format: | Article |
| Language: | English |
| Subjects: | |
| Tags: |
Add Tag
No Tags, Be the first to tag this record!
|
| Institutions: | Thư viện Trường Đại học Đà Lạt |
|---|
| LEADER | 01114nam a2200361 4500 | ||
|---|---|---|---|
| 001 | DLU090094630 | ||
| 005 | ##20091201 | ||
| 040 | # | # | |a DLU |b eng |
| 041 | # | # | |a eng |
| 044 | # | # | |a us |
| 245 | # | # | |a Emission of Di-2-ethylhexyl phthalate from PVC flooring into air and uptake in dust : Emission and sorption experiments in FLEC and CLIMPAQ / |c Per Axel Clausen ... [et al.]. |
| 653 | # | # | |a Concentration gradient |
| 653 | # | # | |a Dust |
| 653 | # | # | |a Emission content |
| 653 | # | # | |a Indoor pollution |
| 653 | # | # | |a Mass transfer |
| 653 | # | # | |a Plasticizer |
| 653 | # | # | |a Sorption |
| 700 | # | # | |a Afshari, Alireza. |
| 700 | # | # | |a Clausen, Per Axel. |
| 700 | # | # | |a Gunnarsen, Lars. |
| 700 | # | # | |a Hansen, Vivi. |
| 700 | # | # | |a Wolkoff, Peder. |
| 773 | # | # | |t Environmental Science & Technology |g Vol. 38, no. 9 (May 2004), p. 2531-2537 |
| 920 | # | # | |a Phòng Tạp chí -- Trung tâm Thông tin - Thư viện Trường Đại học Đà Lạt |
| 994 | # | # | |a DLU |
| 900 | # | # | |a True |
| 911 | # | # | |a Trương Bảo Trâm Anh |
| 925 | # | # | |a G |
| 926 | # | # | |a A |
| 927 | # | # | |a BB |
| 980 | # | # | |a Thư viện Trường Đại học Đà Lạt |